000 00476nam a22001817a 4500
005 20230118140621.0
008 140517b xxu||||| |||| 00| 0 eng d
020 _a9789380642345
_c1495.00
040 _aLoreto College
082 _a954
_bNAN
100 _aNanda,S.P.
245 _aLandmarks in Indian history
_cS.P.Nanda
260 _aNew Delhi
_bDominant Publishers
_c2012
300 _avarious pagings
_b22cm
650 _aIndia-History
850 _aLCLIB
942 _cBK
999 _c39226
_d89705